Normal view
MARC view
- Magsalos, Randy M.
Entry Personal Name
001 - CONTROL NUMBER
- control field: 60189
003 - CONTROL NUMBER IDENTIFIER
- control field: OSt
005 - DATE AND TIME OF LATEST TRANSACTION
- control field: 20240905091705.0
008 - FIXED-LENGTH DATA ELEMENTS
- fixed length control field: 240905|| aca||aabn | a|a d
040 ## - CATALOGING SOURCE
- Original cataloging agency: OSt
- Transcribing agency: OSt
100 ## - HEADING--PERSONAL NAME
- Personal name: Magsalos, Randy M.
- Relator term: author.
670 ## - SOURCE DATA FOUND
- Source citation: Work cat.: (OSt): Magsalos, Randy M. author., An open letter to teachers on using social media /, June 2019.
